01004nam a2200241 a 450000100100000000500170001000800410002704000250006808200220009310000410011524500920015626000350024830000200028350400310030350000620033459000260039665000570042270000390047971000700051891000370058895201200062599900170074500004089420201002034446.0130911s2006 dr 000 0 spa d aDO-SdBNPbspacBNPHU a344.729301bL462p1 aLeclerc Jáquez, Luis Rafael96732510aProcedimiento laboral /cLuis Rafael Leclerc Jáquez; prólogo, Miguel Angel Prestol. aSanto Domingo :bItesa,c2006. a164 p ;c23 cm. aBibliografía: p. 163-164 aIncluye datos biográficos del autor en la contraportada aIInventariado,2018/DG 4aProcedimiento laboralzRepública Dominicana96732612aPrestol, Miguel Angeleprol.964192 aInstituto Tecnológico Salesiano (República Dominicana)967327 aValidado. Control de calidad MFF 0010718PDaPDbPDcHDd2013-09-11iLF1l0o344.729301 L462pp40894-10r2020-06-25w2020-06-25yLFPDZNo se presta c40384d40384